Countries that have hosted ASEAN summits - Statistics

General Stats
  • This quiz has been taken 30 times
  • The average score is 9 of 10
Answer Stats
Continent Country % Correct
Asia Indonesia
96%
Asia Singapore
96%
Asia Thailand
96%
Asia Brunei
91%
Asia Malaysia
91%
Asia the Philippines
91%
Asoa Vietnam
91%
Asia Cambodia
87%
Asia Laos
87%
Asia Myanmar
83%
No matching quizzes found
Score Distribution
Percent of People with Each Score
Percentile by Number Answered
Your Score History
You have not taken this quiz